00465 2200181 4500001002100000008004100021035002000062245004500082100001500127260003700142300002000179020002200199084001400221082000800235650001000243990001500253990001500268INLIS000000000003196 ind  a0010-1225000017 aRembulan Tenggelam di WajahmucTere Liye aLiye, Tere aDepok :bPT Sabak Grip Nusantara a403c13,5x20 cm a978-623-96074-4-9 a813 LIY r a813 aFiksi a19624/B/26 a19625/B/26